Modern Marine Internal Combustion Engines (Record no. 26877)

000 -LEADER
fixed length control field 02926nam a22004215i 4500
006 - FIXED-LENGTH DATA ELEMENTS--ADDITIONAL MATERIAL CHARACTERISTICS--GENERAL INFORMATION
fixed length control field a|||||o|||| 00| 0
007 - PHYSICAL DESCRIPTION FIXED FIELD--GENERAL INFORMATION
fixed length control field cr nn 008mamaa
008 - FIXED-LENGTH DATA ELEMENTS--GENERAL INFORMATION
fixed length control field 200630s2020 sz | s |||| 0|eng d
020 ## - INTERNATIONAL STANDARD BOOK NUMBER
International Standard Book Number 9783030497491
Qualifying information (R) Online Resource 1
072 #7 - SUBJECT CATEGORY CODE
Subject category code TGBN
Source bicssc
Subject category code TEC009000
Source bisacsh
Subject category code TGBN
Source thema
082 04 - DEWEY DECIMAL CLASSIFICATION NUMBER
Classification number 621.4
Edition number 23
100 1# - MAIN ENTRY--PERSONAL NAME
Personal name Bilousov, Ievgen.
245 10 - TITLE STATEMENT
Title Modern Marine Internal Combustion Engines
Medium [electronic resource] :
Remainder of title A Technical and Historical Overview /
250 ## - EDITION STATEMENT
Edition statement 1st ed. 2020.
260 ## - PUBLICATION, DISTRIBUTION, ETC. (IMPRINT)
Place of publication, distribution, etc London
Name of publisher, distributor, etc Springer
Date of publication, distribution, etc 2020
300 ## - PHYSICAL DESCRIPTION
Extent XIII, 385 p. 260 illus.
Other physical details online resource.
490 1# - SERIES STATEMENT
Series statement Springer Series on Naval Architecture, Marine Engineering, Shipbuilding and Shipping,
Volume number/sequential designation 8
505 0# - FORMATTED CONTENTS NOTE
Formatted contents note Four-stroke engines -- Gas and gas-diesel four-stroke marine engines -- Two-stroke low-speed crosshead marine engines -- Gas-diesel two-stroke marine low-speed engines.
520 ## - SUMMARY, ETC.
Summary, etc This book offers a comprehensive and timely overview of internal combustion engines for use in marine environments. It reviews the development of modern four-stroke marine engines, gas and gas–diesel engines and low-speed two-stroke crosshead engines, describing their application areas and providing readers with a useful snapshot of their technical features, e.g. their dimensions, weights, cylinder arrangements, cylinder capabilities, rotation speeds, and exhaust gas temperatures. For each marine engine, information is provided on the manufacturer, historical background, development and technical characteristics of the manufacturer’s most popular models, and detailed drawings of the engine, depicting its main design features. This book offers a unique, self-contained reference guide for engineers and professionals involved in shipbuilding. At the same time, it is intended to support students at maritime academies and university students in naval architecture/marine engineering with their design projects at both master and graduate levels, thus filling an important gap in the literature.
650 #0 - SUBJECT ADDED ENTRY--TOPICAL TERM
Topical term or geographic name as entry element Engines.
Topical term or geographic name as entry element Engineering design.
Topical term or geographic name as entry element Engine Technology.
Topical term or geographic name as entry element Engineering Design.
700 1# - ADDED ENTRY--PERSONAL NAME
Personal name Bulgakov, Mykola.
Relator term author.
Relator code aut
-- http://id.loc.gov/vocabulary/relators/aut
Personal name Savchuk, Volodymyr.
Relator term author.
Relator code aut
-- http://id.loc.gov/vocabulary/relators/aut
710 2# - ADDED ENTRY--CORPORATE NAME
Corporate name or jurisdiction name as entry element SpringerLink (Online service)
773 0# - HOST ITEM ENTRY
Title Springer Nature eBook
776 08 - ADDITIONAL PHYSICAL FORM ENTRY
Display text Printed edition:
International Standard Book Number 9783030497484
Display text Printed edition:
International Standard Book Number 9783030497507
Display text Printed edition:
International Standard Book Number 9783030497514
830 #0 - SERIES ADDED ENTRY--UNIFORM TITLE
Uniform title Springer Series on Naval Architecture, Marine Engineering, Shipbuilding and Shipping,
Volume number/sequential designation 8
856 40 - ELECTRONIC LOCATION AND ACCESS
Uniform Resource Identifier <a href="https://doi.org/10.1007/978-3-030-49749-1">https://doi.org/10.1007/978-3-030-49749-1</a>
942 ## - ADDED ENTRY ELEMENTS (KOHA)
Source of classification or shelving scheme
Item type E-Book
950 ## - LOCAL HOLDINGS (RLIN)
Classification number, LCAL (RLIN) Engineering (SpringerNature-11647)
Classification number, LCAL (RLIN) Engineering (R0) (SpringerNature-43712)

No items available.

Designed and Maintained by IMU-KC Library, Kolkata Campus © Copyright All Rights Reserved

webs counters

Powered by Koha